|
|
|
|
| LEADER |
01816nam a2200337 a 4500 |
| 001 |
2586986 |
| 003 |
BD-DhAAL |
| 008 |
090718s2000 enk b 000 1 eng d |
| 999 |
|
|
|c 2755
|d 2755
|
| 010 |
|
|
|a 96145381
|
| 020 |
|
|
|a 0140434186 (pbk.)
|
| 040 |
|
|
|a DLC
|c DLC
|d DLC
|d BD-DhAAL
|
| 082 |
0 |
0 |
|a 823.8
|2 20
|
| 100 |
1 |
|
|a Brontë, Emily,
|d 1818-1848.
|9 31313
|
| 245 |
1 |
0 |
|a Wuthering Heights /
|c Emily Brontë ; edited with an introduction and notes by Pauline Nestor.
|
| 260 |
|
|
|a London ;
|a New York :
|b Penguin Books,
|c 2000.
|
| 300 |
|
|
|a xxxiii, 349 p. ;
|c 20 cm.
|
| 490 |
0 |
|
|a Penguin classics
|
| 504 |
|
|
|a Includes bibliographical references (p. 335-336).
|
| 541 |
1 |
|
|e 00011768
|
| 650 |
|
0 |
|a Triangles (Interpersonal relations)
|v Fiction.
|9 31314
|
| 650 |
|
0 |
|a Rejection (Psychology)
|v Fiction.
|9 31315
|
| 650 |
|
0 |
|a Rural families
|v Fiction.
|9 31316
|
| 650 |
|
0 |
|a Foundlings
|v Fiction.
|9 31317
|
| 651 |
|
0 |
|a Yorkshire (England)
|v Fiction.
|9 31318
|
| 700 |
1 |
|
|a Nestor, Pauline.
|9 31322
|
| 852 |
4 |
|
|a Ayesha Abed Library
|j General Shelf.
|
| 942 |
0 |
0 |
|0 1
|2 ddc
|c BK
|
| 952 |
|
|
|0 0
|1 0
|2 ddc
|4 0
|6 823_800000000000000_BRO
|7 0
|9 2530
|a BRACUL
|b BRACUL
|c GEN
|d 2009-07-23
|g 298.00
|l 36
|m 148
|o 823.8 BRO
|p 3010011768
|q 2026-06-02
|r 2026-02-06
|s 2026-02-06
|t 1
|v 596.00
|w 2009-07-23
|y BK
|x USD-3.50
|
| 952 |
|
|
|0 0
|1 0
|2 ddc
|4 0
|6 823_800000000000000_BRO
|7 0
|9 4479
|a BRACUL
|b BRACUL
|c GEN
|d 2009-10-13
|e High Commisiion of India
|l 11
|m 41
|o 823.8 BRO
|p 3010019397
|q 2026-06-02
|r 2026-05-18
|s 2026-05-18
|t 2
|w 2009-10-19
|y BK
|x Transferred from ENH to Ayesha Abed library on 20/12/2023
|
| 952 |
|
|
|0 0
|1 0
|2 ddc
|4 1
|6 823_800000000000000_BRO
|7 0
|9 44527
|a BRACUL
|b BRACUL
|d 2014-12-22
|e BRAC Institute of Language (BIL)
|l 11
|m 24
|o 823.8 BRO
|p 3010028699
|q 2026-06-02
|r 2026-05-16
|s 2026-05-16
|t 3
|w 2014-12-22
|y BK
|x Transferred from BIL to BRACUL on 06/06/22; Damages declared on 02/02/2026
|